| 000 | 00509nam a22001817a 4500 | ||
|---|---|---|---|
| 005 | 20251108170927.0 | ||
| 008 | 250721s1982 xx 000 0 ara d | ||
| 082 | 1 | 4 | _a621.47/ميس |
| 100 | 1 |
_aميسل، _eإعداد |
|
| 245 | 1 | 0 | _aالطاقة الشمسية / |
| 264 | 1 |
_aالموصل : _bدار الكتب، _c1982. |
|
| 300 | _a327ص | ||
| 650 | 1 | 7 | _aالحرارة |
| 700 | 1 | _aبتلر، | |
| 700 | 1 |
_aعزوز، عاصم عبد الكريم _eترجمة |
|
| 942 |
_2ddc _cBK |
||
| 999 |
_c52301 _d52301 |
||